• 首页
  • 本馆介绍
  • 公告通知
  • 最新文献
  • 馆藏检索
  • 电子资源
  • 读者导购
  • 参考咨询
  • 我的图书馆
  • 登录
  • 详细信息显示
  • 放入我的书架
  • 预约/预借图书
  • 作者相关作品
  • 分类相关作品
  • 丛书相关作品
  • 出版社相关作品

书目信息

  • 表格格式
  • 工作单格式
  • 卡片格式
题名:
皮肤瘙痒
    
 
作者: 田静 编著
分册:  
出版信息: 北京   中国中医药出版社  2000.09
页数: 111页
开本: 18cm
丛书名: 健康教育丛书 64/张文康 主编
单 册:
中图分类: R758.3-5
科图分类:
主题词: 皮肤病学 , 性病学
电子资源:
ISBN: 7-80156-075-2
000 00641nam0 2200229 45
001 0110121432
005 20011012142816.6
010    @a7-80156-075-2@d4.00元
100    @a20011012d2000 km y0chiy0120 ea
101 0  @achi
105    @a z 000yy
200 1  @a皮肤瘙痒@APi Fu Sao Yang@f田静 编著@FTian Jing Bian Zhu
210    @a北京@c中国中医药出版社@d2000.09
215    @a111页@d18cm
225    @a健康教育丛书 64/张文康 主编
410    @12001 @a健康教育丛书 64/张文康 主编
606 0  @a皮肤病学
606 0  @a性病学
690    @aR758.3-5@v3
701  0 @a田静@4编著
801    @aCN@c20011012
905    @aBZT@b75418-419@dR758.3-5@e1@f2
    
    皮肤瘙痒/田静 编著.-北京:中国中医药出版社,2000.09
    111页;18cm.-(健康教育丛书 64/张文康 主编)
    
    
    ISBN 7-80156-075-2:4.00元
    
●
相关链接 在五车中查询图书 在当当中查询图书 在豆瓣中查询图书


正题名:皮肤瘙痒     索取号:R758.3-5/1         预约/预借

序号 登录号 条形码 馆藏地/架位号 状态 备注
1 75419   200682252   中心书库中库/ 中库014架A面6列2层22/ [索取号:R758.3-5/1] 在馆    
山东省滨州职业学院图书馆 欢迎您!
大连网信软件有限公司© 版权所有